00682cam a2200181 a 4500020002200000040000800022082002600030100002500056245003000081260004100111300004600152650001500198856006200213856005400275942000700329999001700336952014700353 a0697165744 (pbk.) cDLC00a540 BRO 1997 A080 Or.1 aGebelein, Charles G.10aChemistry and our world / aDubuque, IA :bWm. C. Brown,cc1997. axvi, 609 p. :bill. (some col.) ;c28 cm. 0aChemistry.42uhttp://www.loc.gov/catdir/description/mh022/95083494.html41uhttp://www.loc.gov/catdir/toc/mh022/95083494.html cEK c15505d15505 0010406540_000000000000000_BRO_1997_A080_OR70968857aLBAbLBAcA080d2017-11-28o540 BRO 1997 A080 Or.pA06313r2017-11-28w2017-11-28yEK